Central Library OPAC University of Rajshahi
Normal view MARC view

Entry Topical Term

Number of records used in: 2

001 - CONTROL NUMBER

  • control field: 2014

003 - CONTROL NUMBER IDENTIFIER

  • control field: BD-RjUL

005 - DATE AND TIME OF LATEST TRANSACTION

  • control field: 20220324105149.0

008 - FIXED-LENGTH DATA ELEMENTS

  • fixed length control field: 220324|| aca||aabn | a|a d

040 ## - CATALOGING SOURCE

  • Original cataloging agency: BD-RjUL
  • Transcribing agency: BD-RjUL

150 ## - HEADING--TOPICAL TERM

  • Topical term or geographic name entry element: Local administration
  • Form subdivision: Rural Arbitration
  • Geographic subdivision: Bangladesh
  • Geographic subdivision: Sirajganj District
  • Geographic subdivision: Kalia Haripur Union
  • General subdivision: Participation

670 ## - SOURCE DATA FOUND

  • Source citation: Work cat.: (BD-RjUL)79603: ইসলাম, মো: শরীফুল 2012, গ্রামীন শালিসি ব্যবস্থায় স্থানীয় এলিটদের অংশগ্রহণ :, ২০০৯